000 00454nam a22001577a 4500
005 20251120144149.0
008 251120b |||||||| |||| 00| 0 eng d
020 _a979-8-88715-017-8
100 _aAMLEE, NADINE
245 _aLAND, SOIL AND WATER RESOURCES
260 _aDUBLIN
_bORYSON PRESS
_c2023
300 _aVI, 294P.
500 _aINCLUDES INDEX
650 _a1. SOIL CONSERVATION 2. WATER RESOURCES DEVELOPMENT 3. LAND USE
942 _2lcc
_cBK
999 _c216236
_d216236